LEADER 01610nas 2200349 n 450 001 990009019930403321 005 20240229084332.0 035 $a000901993 035 $aFED01000901993 035 $a(Aleph)000901993FED01 035 $a000901993 091 $2CNR$aPT02325824 100 $a20090724c1896uuuukm-y0itaa50------ba 101 0 $aeng 102 $aUS 110 $aauu-------- 200 1 $aOrnithological Series of Field Museum of Natural History 207 1$a1896-0 210 $aChicago$cMuseum of Natural History 530 0 $aOrnithological Series of Field Museum of Natural History 675 $a598.2 712 02$aField Museum of Natural History 801 0$aIT$bACNP$c20090723 859 4 $uhttp://acnp.cib.unibo.it/cgi-ser/start/it/cnr/dc-p1.tcl?catno=2325824&person=false&language=ITALIANO&libr=&libr_th=unina1$zBiblioteche che possiedono il periodico 901 $aSE 912 $a990009019930403321 958 $aBiblioteca del Dipartimento di Entomologia e Zoologia Agraria dell'Università degli Studi di Napoli Federico II$b1896-1916;$fDAGEN 959 $aDAGEN 996 $aOrnithological Series of Field Museum of Natural History$9790095 997 $aUNINA AP1 8 $6866-01$aNA219 Biblioteca del Dipartimento di Entomologia e Zoologia Agraria dell'Università degli Studi di Napoli Federico II$eVia Università, 100, 80055 Portici (NA)$m0812539188$m0817755145$nit AP2 40$aacnp.cib.unibo.it$nACNP Italian Union Catalogue of Serials$uhttp://acnp.cib.unibo.it/cgi-ser/start/it/cnr/df-p.tcl?catno=2325824&language=ITALIANO&libr=&person=&B=1&libr_th=unina&proposto=NO LEADER 01804nam0 22003973i 450 001 VAN0263151 005 20231204063004.577 017 70$2N$a9783540389026 100 $a20230912d1984 |0itac50 ba 101 $aeng 102 $aDE 105 $a|||| ||||| 200 1 $aAbsolute Summability of Fourier Series and Orthogonal Series$fYasuo Okuyama 210 $aBerlin$cSpringer$d1984 215 $avi, 122 p.$d24 cm 461 1$1001VAN0102250$12001 $aLecture notes in mathematics$1210 $aBerlin [etc.]$cSpringer$v1067 606 $a42-XX$xHarmonic analysis on Euclidean spaces [MSC 2020]$3VANC019851$2MF 606 $a42C15$xGeneral harmonic expansions, frames [MSC 2020]$3VANC022084$2MF 606 $a42A20$xConvergence and absolute convergence of Fourier and trigonometric series [MSC 2020]$3VANC022546$2MF 606 $a40G05$xCesàro, Euler, Nörlund and Hausdorff methods [MSC 2020]$3VANC023167$2MF 610 $aAbsolute summability$9KW:K 610 $aFourier$9KW:K 610 $aFourier series$9KW:K 610 $aOrthogonal series$9KW:K 610 $aSeries$9KW:K 620 $dBerlin$3VANL000066 700 1$aOkuyama$bYasuo$3VANV217563$041190 712 $aSpringer $3VANV108073$4650 801 $aIT$bSOL$c20240614$gRICA 856 4 $uhttps://doi.org/10.1007/BFb0099712$zE-book ? Accesso al full-text attraverso riconoscimento IP di Ateneo, proxy e/o Shibboleth 899 $aBIBLIOTECA DEL DIPARTIMENTO DI MATEMATICA E FISICA$1IT-CE0120$2VAN08 912 $fN 912 $aVAN0263151 950 $aBIBLIOTECA DEL DIPARTIMENTO DI MATEMATICA E FISICA$d08CONS e-book 6586 $e08eMF6586 20230926 996 $aAbsolute summability of Fourier series and orthogonal series$980927 997 $aUNICAMPANIA